书目信息 |
| 题名: |
民族地区危房改造与少数民族传统民居保护研究
|
|
| 作者: | 吴晓萍 , 康红梅 著 | |
| 分册: | ||
| 出版信息: | 北京 人民出版社 2015.12 |
|
| 页数: | 313页 | |
| 开本: | 24cm | |
| 丛书名: | ||
| 单 册: | ||
| 中图分类: | TU984.12 | |
| 科图分类: | ||
| 主题词: | 民族地区--旧房改造--研究--中国 , 少数民族--民居--保护--研究--中国 | |
| 电子资源: | ||
| ISBN: | 978-7-01-015592-0 | |
| 000 | 01071nam0 2200253 450 | |
| 001 | 0400009492 | |
| 005 | 20171121091044.0 | |
| 010 | @a978-7-01-015592-0@dCNY49.00 | |
| 100 | @a20150920d2015 em y0chiy50 ea | |
| 101 | 0 | @achi |
| 102 | @aCN@b110000 | |
| 105 | @aa z 000yy | |
| 106 | @ar | |
| 200 | 1 | @a民族地区危房改造与少数民族传统民居保护研究@Amin zu di qu wei fang gai zao yu shao shu min zu chuan tong min ju bao hu yan jiu@e以贵州省为例@f吴晓萍,康红梅著 |
| 210 | @a北京@c人民出版社@d2015.12 | |
| 215 | @a313页@c图,照片@d24cm | |
| 330 | @a本书立足于田野调查的资料,运用定性和定量相结合的研究方法,比较全面地对贵州省危房改造中少数民族传统民居保护问题进行了较为深入的研究,总结了危房改造过程中少数民族传统民居保护的经验和成就,剖析了其中存在的问题和不足,并提出了相应的对策建议。 | |
| 606 | 0 | @a民族地区@x旧房改造@x研究@y中国 |
| 606 | 0 | @a少数民族@x民居@x保护@x研究@y中国 |
| 690 | @aTU984.12@v5 | |
| 701 | 0 | @a吴晓萍@Awu xiao ping@4著 |
| 701 | 0 | @a康红梅@Akang hong mei@4著 |
| 801 | 0 | @aCN@b上海新华@c20171121 |
| 905 | @b1029146-50@dTU984.12@e1404@f5 | |
| 民族地区危房改造与少数民族传统民居保护研究:以贵州省为例/吴晓萍,康红梅著.-北京:人民出版社,2015.12 |
| 313页:图,照片;24cm |
| ISBN 978-7-01-015592-0:CNY49.00 |
| 本书立足于田野调查的资料,运用定性和定量相结合的研究方法,比较全面地对贵州省危房改造中少数民族传统民居保护问题进行了较为深入的研究,总结了危房改造过程中少数民族传统民居保护的经验和成就,剖析了其中存在的问题和不足,并提出了相应的对策建议。 |
| ● |
| 相关链接 |
|
|
|
|
正题名:民族地区危房改造与少数民族传统民居保护研究
索取号:TU984.12/1404
 
预约/预借
| 序号 | 登录号 | 条形码 | 馆藏地/架位号 | 状态 | 备注 |
| 1 | 1029146 | 210291469 | 第二样本阅览室/ [索取号:TU984.12/1404] | 在馆 | |
| 2 | 1029147 | 210291478 | 密集书库-生命科学系/ [索取号:TU984.12/1404] | 在馆 | |
| 3 | 1029148 | 210291487 | 第三借阅区/ [索取号:TU984.12/1404] | 在馆 | |
| 4 | 1029149 | 210291496 | 第三借阅区/ [索取号:TU984.12/1404] | 在馆 | |
| 5 | 1029150 | 210291502 | 第三借阅区/ [索取号:TU984.12/1404] | 在馆 |